000 00633nam a22002177a 4500
003 UA-OsUOA
001 88564
007 ta
008 20121009b un ||||| |||| 00| 0 ukr d
090 _a821.161.2
_bА72
942 _cBK
040 _aUA-OsUOA
_bukr
_cUA-OsUOA
_dUA-OsUOA
245 _aАнтологія української художньої літератури для дітей
_bв 3-х т.
_c3
300 _a440 с.
955 _a3
041 _aukr
080 _a821.161.2
260 _aК.
_bВеселка
_c1969
650 7 _a82 Література. Літературознавство
_2UDC
999 _c374498
_d374498